[Event "107th Annual US Open"]
[Site "Chicago USA"]
[Date "2006.08.12"]
[Round "8"]
[White "Fedorowicz,J"]
[Black "Banawa,Joe"]
[Result "1-0"]
[WhiteElo "2482"]
[BlackElo "2260"]

1.d4 Nf6 2.Nf3 g6 3.c4 Bg7 4.g3 O-O 5.Bg2 c6 6.Nc3 d5 7.Qb3 dxc4 8.Qxc4 Bf5
9.O-O Nbd7 10.Re1 Ne4 11.Qb3 Nb6 12.a4 Nxc3 13.bxc3 Qd5 14.Nd2 Qxb3 15.Nxb3 e5
16.a5 Nc4 17.e3 Rac8 18.Ra4 Nd6 19.Ba3 Rfd8 20.Bc5 exd4 21.cxd4 Nb5 22.Rb4 Bf8
23.Bxf8 Kxf8 24.Nc5 Rc7 25.d5 cxd5 26.Rxb5 a6 27.Nxb7 Rdd7 28.Rb6 Rxb7 29.Rxa6 Bd3
30.Ra8+ Ke7 31.Ra1 Kd6 32.a6 Ra7 33.Rxa7 Rxa7 34.Bf1 Bc4 35.e4 Bxf1 36.Kxf1 dxe4
37.Ke2 Kc5 38.Ke3 f5 39.h4 Kb5 40.Kf4 Rxa6 41.Rxa6 Kxa6 42.Kg5 Kb5 43.Kh6  1-0

[Event "107th Annual US Open"]
[Site "Chicago USA"]
[Date "2006.08.13"]
[Round "9"]
[White "Aigner,M USA"]
[Black "Fedorowicz,J"]
[Result "1/2-1/2"]
[WhiteElo "2266"]
[BlackElo "2482"]

1.e4 c5 2.Nc3 Nc6 3.g3 g6 4.Bg2 Bg7 5.d3 b6 6.f4 Bb7 7.Nf3 d6 8.O-O Qd7 9.Be3 Nh6
10.Kh1 f5 11.Bg1 O-O 12.Qd2 Nd4 13.Nxd4 cxd4 14.Ne2 e5 15.c3 dxc3 16.Nxc3 exf4
17.gxf4 Rae8 18.Rae1 Re6 19.Nd5 Rfe8 20.b3 Qf7 21.Qb4 fxe4 22.dxe4 Bxd5 23.exd5 Rxe1
24.Rxe1 Rxe1 25.Qxe1 Qxf4 26.Qe6+ Kh8 27.Qc8+ Qf8 28.Qd7 Qb8 29.Bh3 Ng8 30.Be6 Nf6
31.Qe7 Nh5 32.Bg4 Nf4 33.Qe4 Qf8 34.Be3 Be5 35.Bxf4 Bxf4 36.Qe6 Kg7 37.Qd7+ Kh6
38.Bf3 Bg5 39.Qh3+ Kg7 40.Kg2 h5 41.Qd7+ Kh6 42.Qxa7 Be3 43.Qa4 Qf6 44.Qe4 Qb2+
45.Kh3 Qf2 46.a4 Bg5 47.Be2 Bf4 48.Qg2 Qe1 49.Qf3 Qd2 50.Kg2 Kg7 51.h3 Be5
52.Kf1 Qc1+ 53.Bd1 Qd2 54.Be2 Bc3 55.Kg2 Qg5+ 56.Kf2 Bd4+ 57.Ke1 Qc1+ 58.Bd1 Qb2
59.Kf1 Bc5 60.Be2 Qd4 61.Bd1 Qg1+ 62.Ke2 Qh2+ 63.Kd3 Qe5  1/2-1/2

[Event "US Amateur Team East"]
[Site "Parsippany USA"]
[Date "2007.02.19"]
[Round "5"]
[White "Hansen,Car"]
[Black "Fedorowicz,J"]
[Result "1/2-1/2"]
[WhiteElo "2301"]
[BlackElo "2469"]

1.Nf3 Nf6 2.c4 g6 3.Nc3 Bg7 4.g3 O-O 5.Bg2 d6 6.O-O e5 7.d3 Nc6 8.Rb1 a5
9.a3 Re8 10.Nd2 Rb8 11.b4 axb4 12.axb4 h6 13.b5 Nd4 14.Nb3 Be6 15.Nxd4 exd4
16.Nd5 Nxd5 17.cxd5 Bg4  1/2-1/2

[Event "Masters"]
[Site "Bunratty IRL"]
[Date "2007.02.24"]
[Round "3"]
[White "Pert,N"]
[Black "Fedorowicz,J"]
[Result "1/2-1/2"]
[WhiteElo "2518"]
[BlackElo "2469"]

1.d4 Nf6 2.Nf3 e6 3.c4 b6 4.Nc3 Bb4 5.Bg5 Bb7 6.Nd2 Bxc3 7.bxc3 h6 8.Bh4 d6
9.f3 Nbd7 10.e4 Qe7 11.Bd3 g5 12.Bf2 Rg8 13.Qa4 Kf8 14.h4 c5 15.hxg5 hxg5
16.O-O-O a5 17.d5 Ne5 18.Bf1 Bc8 19.Kb1 exd5 20.cxd5 Bd7 21.Bb5 Qe8 22.Bxd7 Qxd7
23.Qxd7 Nfxd7 24.a4 Ke7 25.Rh6 Rab8 26.c4 Rh8 27.Rdh1 Rxh6 28.Rxh6 Rg8 29.Kc2  1/2-1/2

[Event "Millennium Festival"]
[Site "Virginia Beach USA"]
[Date "2007.03.02"]
[Round "1"]
[White "Clancy,D"]
[Black "Fedorowicz,J"]
[Result "0-1"]
[WhiteElo "2119"]
[BlackElo "2469"]

1.d4 Nf6 2.c4 a6 3.f3 c5 4.d5 b5 5.cxb5 g6 6.e4 d6 7.Na3 Bg7 8.bxa6 O-O 9.Nc4 Bxa6
10.Bd3 Nbd7 11.Ne2 Nb6 12.Nxb6 Qxb6 13.Bxa6 Qxa6 14.O-O Rfb8 15.Nc3 Nd7 16.Qc2 Bd4+  0-1

[Event "35th World Open"]
[Site "King of Prussia USA"]
[Date "2007.06.02"]
[Round "5"]
[White "Aramil,W"]
[Black "Fedorowicz,J"]
[Result "1/2-1/2"]
[WhiteElo "2222"]
[BlackElo "2457"]

1.d4 Nf6 2.Nf3 e6 3.c4 b6 4.g3 Ba6 5.b3 Bb4+ 6.Bd2 Be7 7.Bg2 Bb7 8.O-O O-O
9.Nc3 Na6 10.Re1 d5 11.cxd5 exd5 12.Ne5 c5 13.e3 Nc7 14.dxc5 bxc5 15.Rc1 Ne6
16.Na4 Rc8 17.Bc3 Ba8 18.Bb2 Qd6 19.Qe2 Rfd8 20.Red1 Qb8 21.h4 Bf8 22.Qf3 Qb4
23.Nd3  1/2-1/2

[Event "35th World Open"]
[Site "King of Prussia USA"]
[Date "2007.06.30"]
[Round "1"]
[White "Uesugi,S"]
[Black "Fedorowicz,J"]
[Result "1/2-1/2"]
[WhiteElo "2139"]
[BlackElo "2457"]

1.e4 c5 2.Nf3 d6 3.d4 cxd4 4.Nxd4 Nf6 5.Nc3 Nc6 6.Be2 e5 7.Nb3 Be7 8.O-O O-O
9.Be3 a5 10.a4 Nb4 11.Bf3 Be6 12.h3 Rc8 13.Qc1 d5 14.exd5 Bf5 15.Bd1 Nfxd5
16.Nxd5 Qxd5 17.c3 Bd3 18.Re1 Ba6 19.Qd2 Qxd2 20.Bxd2 Nd3 21.Re2 Nxb2 22.Rxe5 Bf6
23.Rxa5 Nc4 24.Rd5 Nxd2 25.Nxd2 Bxc3 26.Rc1 Bxd2  1/2-1/2

[Event "2nd Konig Mem"]
[Site "San Fransisco USA"]
[Date "2007.07.17"]
[Round "?"]
[White "Fedorowicz,J"]
[Black "Friedel,J"]
[Result "1-0"]
[WhiteElo "2460"]
[BlackElo "2472"]

1.d4 Nf6 2.c4 e6 3.Nf3 c5 4.d5 d6 5.Nc3 exd5 6.cxd5 g6 7.Nd2 Bg7 8.e4 O-O
9.Be2 Na6 10.O-O Nc7 11.a4 Nfe8 12.Nc4 f5 13.exf5 Rxf5 14.Ne3 Rf4 15.Bd2 b6
16.Nc2 Rf7 17.a5 bxa5 18.Rxa5 Rb8 19.Ra2 a6 20.Bc4 Qh4 21.b3 Be5 22.g3 Qh3
23.Ne4 h6 24.f3 Qh5 25.Be2 Bg7 26.Bc4 Bb7 27.g4 Qe5 28.Re1 Bxd5 29.Nc3 Bxc4
30.Rxe5 Bxb3 31.Re1 Bxc3 32.Ra3 Bg7 33.Kg2 c4 34.Qb1 Rb5 35.Na1 Rd5 36.Nxb3 cxb3
37.Re2 b2 38.Bc3 Kh7 39.Bxb2 Rb5 40.Qa2 Nd5 41.Rd2 Nec7 42.Bxg7 Kxg7 43.Kg3 Rc5
44.Rad3 Nc3 45.Qa1 Nb5 46.Qxa6 Ra7 47.Qb6 Rac7 48.h4 d5 49.Re3 R5c6 50.Qb8 Nd6
51.Qb2 Kh7 52.Kh3 Ndb5 53.Qb4 Rd6 54.Re8 Rf7 55.Rd3 Rdf6 56.Kg2 d4 57.Qa5 Nc7
58.Re5 Ne6 59.Kh2 g5 60.h5 Rb7 61.Rxe6 Rb2+ 62.Kg3 Rxe6 63.Rxc3  1-0

[Event "FKB ch-USA Qualifier"]
[Site "Tulsa USA"]
[Date "2008.03.28"]
[Round "1"]
[White "Rowley,R"]
[Black "Fedorowicz,J"]
[Result "0-1"]
[WhiteElo "2231"]
[BlackElo "2470"]

1.e4 c5 2.Nf3 Nc6 3.d4 cxd4 4.Nxd4 Qb6 5.Nb5 a6 6.Be3 Qd8 7.Nd4 e5 8.Nxc6 bxc6
9.Bc4 Nf6 10.Nc3 Bb4 11.O-O O-O 12.f3 Bb7 13.Na4 d5 14.Bb6 Qe7 15.Bd3 Bd6
16.exd5 cxd5 17.c4 e4 18.fxe4 dxc4 19.Bxc4 Qe5 20.Rxf6 Qxf6 21.Bd5 Bxd5 22.Qxd5 Rac8
23.Bd4 Qh6 24.e5 Rc1+ 25.Rxc1 Qxc1+ 26.Kf2 Qd2+ 27.Kf3 Be7 28.Qc4 Rd8 29.Be3 Rd3
30.Qe4 Rxe3+ 31.Qxe3 Qd1+ 32.Kg3 Qxa4 33.Qa7 Bf8  0-1

[Event "FKB ch-USA Qualifier"]
[Site "Tulsa USA"]
[Date "2008.03.29"]
[Round "3"]
[White "Bonin,J"]
[Black "Fedorowicz,J"]
[Result "1/2-1/2"]
[WhiteElo "2351"]
[BlackElo "2470"]

1.g3 d5 2.Bg2 Nf6 3.c4 e6 4.Nf3 dxc4 5.Qa4+ Nbd7 6.O-O c5 7.Qxc4 b6 8.d3 Bb7
9.Nbd2 Be7 10.b3 O-O  1/2-1/2

[Event "FKB ch-USA Qualifier"]
[Site "Tulsa USA"]
[Date "2008.03.29"]
[Round "4"]
[White "Fedorowicz,J"]
[Black "Langer,M USA"]
[Result "1-0"]
[WhiteElo "2470"]
[BlackElo "2314"]

1.d4 Nf6 2.c4 c5 3.d5 e6 4.Nc3 exd5 5.cxd5 d6 6.Nf3 g6 7.Nd2 Nbd7 8.e4 Bg7
9.Be2 O-O 10.O-O Re8 11.a4 Ne5 12.Qc2 g5 13.Ra3 g4 14.Nd1 Ng6 15.Ne3 Qe7
16.Bb5 Rd8 17.a5 Nf4 18.Re1 h5 19.Qd1 h4 20.Nf5 Bxf5 21.exf5 Qf8 22.Ne4 N4xd5
23.Bg5 Nxe4 24.Rxe4 Nf6 25.Bxf6 Bxf6 26.Rxg4+ Kh7 27.Qd5 Qe7 28.Re3 Qc7 29.Rxh4+ Bxh4
30.f6 Kg6 31.Re7 Qxe7 32.fxe7 Bxe7 33.Bc4 Rf8 34.Qe4+ Kf6 35.Qh4+ Ke5 36.Qxe7+ Kd4
37.Bf1  1-0

[Event "FKB ch-USA Qualifier"]
[Site "Tulsa USA"]
[Date "2008.03.30"]
[Round "6"]
[White "Fedorowicz,J"]
[Black "Bhat,V"]
[Result "1/2-1/2"]
[WhiteElo "2470"]
[BlackElo "2481"]

1.e4 e5 2.Nf3 Nc6 3.Bb5 a6 4.Ba4 Nf6 5.O-O Be7 6.d3 d6 7.c3 b5 8.Bb3 O-O
9.Re1 Na5 10.Bc2 c5 11.Nbd2 Nd7 12.Nf1 Nb6 13.h3 Re8 14.Ng3 Nc6 15.d4 cxd4
16.cxd4 exd4 17.Nxd4 Nxd4 18.Qxd4 Bf6 19.Qd1 g6 20.Rb1  1/2-1/2

[Event "World Open"]
[Site "Philadelphia USA"]
[Date "2008.07.03"]
[Round "3"]
[White "Fedorowicz,J"]
[Black "Yeager,D"]
[Result "1-0"]
[WhiteElo "2479"]
[BlackElo "2335"]

1.d4 Nf6 2.c4 e6 3.Nf3 b6 4.g3 Ba6 5.b3 Bb4+ 6.Bd2 Be7 7.Nc3 c6 8.e4 d5 9.Qc2 O-O
10.e5 Nfd7 11.Bd3 h6 12.O-O Bb7 13.Bf4 Re8 14.Qe2 Nf8 15.Rad1 a6 16.Bb1 b5
17.c5 b4 18.Na4 a5 19.Qc2 Ba6 20.Rfe1 Bb5 21.h4 Nbd7 22.Nb2 Qc8 23.Nh2 h5
24.Nf3 Ng6 25.Bc1 Ndf8 26.Kh2 Bd8 27.Rg1 Qa6 28.Rde1 Ne7 29.g4 hxg4 30.Rxg4 Nf5
31.Qd2 f6 32.Nd1 fxe5 33.Nxe5 Bf6 34.h5 Bxe5+ 35.Rxe5 Nd7 36.Bxf5 Nxe5 37.Rxg7+ Kxg7
38.Qh6+ Kf7 39.Qh7+ Kf6 40.dxe5+ Kxe5 41.f4+ Kf6 42.Bb2+ e5 43.fxe5+ Rxe5
44.Qg6+ Ke7 45.Bxe5  1-0

[Event "World Open"]
[Site "Philadelphia USA"]
[Date "2008.07.04"]
[Round "4"]
[White "Ganguly,S"]
[Black "Fedorowicz,J"]
[Result "1/2-1/2"]
[WhiteElo "2631"]
[BlackElo "2479"]

1.e4 c5 2.Nf3 d6 3.d4 cxd4 4.Nxd4 Nf6 5.Nc3 a6 6.Be2 e5 7.Nb3 Be7 8.O-O O-O
9.Re1 Be6 10.Bf3 Nbd7 11.a4 Qc7 12.a5 Rac8 13.Nd2 Nb8 14.Nb3 h6 15.Be3 Nbd7
16.h3 Rfe8 17.Nd2 Bf8 18.Nf1 Qb8 19.Bd2 g6 20.Ne3 h5 21.Qe2 Bg7 22.Qf1 Qc7
23.Red1 Qd8 24.Be1 Bf8 25.Ncd5 Bxd5 26.Nxd5 Nxd5 27.Rxd5 Qc7 28.Bc3 Qc4 29.Qe1 Nf6
30.Rdd1 Qc6 31.g3 Nd7 32.Bg2 Nc5 33.Bb4 Ne6 34.c3 h4 35.Rd5 Be7 36.Rad1 Rcd8
37.Qd2 Qc7 38.Qe3 Bg5 39.Qe2 Be7 40.Qe3 Bg5 41.Qd3 Be7 42.Bf3 hxg3 43.fxg3 Ng5
44.Bg2 Nh7 45.Qe3 Bg5 46.Qd3 Be7 47.Qe2 Nf6 48.R5d2 Kg7 49.Qe3 Qb8 50.Bf3 Rd7
51.Rf1 d5 52.exd5 Bxb4 53.cxb4  1/2-1/2

[Event "US Amateur Team-ch East"]
[Site "Parsipanny USA"]
[Date "2009.02.16"]
[Round "6"]
[White "Sells,P"]
[Black "Fedorowicz,J"]
[Result "0-1"]
[WhiteElo "1840"]
[BlackElo "2487"]

1.e4 c5 2.Nf3 Nc6 3.d4 cxd4 4.Nxd4 Qb6 5.Nb3 Nf6 6.Nc3 e6 7.Be3 Qc7 8.f4 d6
9.Bd3 a6 10.O-O b5 11.a3 Be7 12.Qe2 Rb8 13.Nd4 Nxd4 14.Bxd4 b4 15.axb4 Rxb4
16.Bxa6 Rxd4 17.Nb5 Qc5 18.Nxd4 Qxd4+ 19.Kh1 Bxa6 20.Rxa6 O-O 21.e5 dxe5
22.c3 Qd5 23.fxe5 Ne4 24.Ra4 f5 25.exf6 Nxf6 26.Re1 Rb8 27.Ra6 e5 28.c4 Qd4
29.Qxe5 Qxe5 30.Rxe5 Rxb2 31.Ra1 Bf8 32.Rc1 Rb8 33.Rb5 Rc8 34.Rb7 Ne4 35.g3 h6
36.Kg2 Nc5 37.Ra7 Kh7 38.Kf3 Kg6 39.g4 Rd8 40.Ke2 Kg5 41.h3 Kh4 42.Rc3 Rb8
43.Ra5 Rb2+ 44.Ke3 g6 45.Rb5 Rh2 46.Kf4 Bd6+  0-1

[Event "110th US Open"]
[Site "Indianapolis USA"]
[Date "2009.08.06"]
[Round "6"]
[White "Fedorowicz,J"]
[Black "Inigo,A"]
[Result "1-0"]
[WhiteElo "2469"]
[BlackElo "1906"]


1.d4 d5 2.c4 e6 3.Nc3 Nf6 4.cxd5 exd5 5.Bg5 Be7 6.e3 O-O 7.Bd3 Be6 8.Nge2 c6
9.Nf4 Nbd7 10.O-O Qc7 11.Rc1 Rae8 12.a3 Qb8 13.Nxe6 fxe6 14.Bb1 e5 15.dxe5 Nxe5
16.Bf4 Bd6 17.h3 Nc4 18.Bxd6 Nxd6 19.Qd4 Nfe4 20.Nxe4 Nxe4 21.b4 Rf6 22.b5 Rg6
23.bxc6 bxc6 24.Bd3 Rg5 25.Rxc6 Kh8 26.Bxe4 dxe4 27.Rfc1 Rf8 28.Qxe4 Qb2
29.R6c2 Qxa3 30.Rc8 Rg6 31.Rxf8+ Qxf8 32.Qb7 Rd6 33.Rc8 Rd8 34.Rxd8 Qxd8
35.Qxa7 h6 36.Qd4 Qa5 37.e4 Qe1+ 38.Kh2 Qe2 39.f3 Qe1 40.Qe5 Qe3 41.Qf5 Qe2
42.e5 Qb5 43.f4 Qe2 44.e6 h5 45.Qf8+ Kh7 46.e7 Qd1  1-0

[Event "110th US Open"]
[Site "Indianapolis USA"]
[Date "2009.08.07"]
[Round "7"]
[White "Fedorowicz,J"]
[Black "Lenderman,A"]
[Result "0-1"]
[WhiteElo "2469"]
[BlackElo "2504"]


1.d4 d5 2.c4 c6 3.Nf3 Nf6 4.cxd5 cxd5 5.Nc3 Nc6 6.Bf4 a6 7.e3 Bg4 8.h3 Bh5
9.Be2 e6 10.O-O Rc8 11.Ne5 Bxe2 12.Qxe2 Be7 13.Rfc1 Nxe5 14.Bxe5 O-O 15.Bxf6 Bxf6
16.Na4 e5 17.dxe5 Bxe5 18.Nc5 Qb6 19.Nd3 Bf6 20.Qd2 Qb5 21.Rab1 d4 22.e4 Bg5
23.f4 Be7 24.e5 f5 25.Rxc8 Rxc8 26.Rc1 Rxc1+ 27.Nxc1 Qc4 28.Qd1 b5 29.b3 Qd5
30.Nd3 Qe4 31.Kf1 Bh4 32.Qe2 Bg3 33.Qxe4 fxe4 34.Nc5 Bxf4 35.Nxe4 Bxe5 36.Ke2 Kf7
37.Kd3 Ke6 38.Ke2 h5 39.Nf2 h4 40.Kf3 Kd5 41.Nd3 Bd6 42.Nb2 a5 43.Nd3 a4
44.Ke2 Ke4 45.Kd2 a3 46.Ke2 g6 47.Nf2+ Kf4 48.Nd3+ Kg3 49.Kf1 g5 50.Nf2 Be7
51.Nd3 g4 52.hxg4 Kxg4 53.Kf2 Bd6 54.Nc1 Bg3+ 55.Ke2 Bf4 56.Nd3 Kg3 57.Kf1 Bd6
58.Nc1 Be5 59.Ne2+ Kg4 60.Nc1 b4 61.Nd3 Bd6 62.Kf2 Bg3+ 63.Ke2 Bd6 64.Kf2 Be7
65.Ne5+ Kf5 66.Nd3 Ke4 67.Ke2 Bd6 68.Nc1 Bf8 69.Nd3 Be7 70.Nc1 Kf4 71.Kf2 Kg4
72.Nd3 Bd6 73.Nc1 Bg3+ 74.Ke2 Bf4 75.Nd3 Kg3 76.Kf1 Bd6 77.Ne1 Be7 78.Nd3 h3
79.gxh3 Kf3 80.Ke1 Ke3 81.Ne5 d3 82.Kd1 Bf8 83.Nc6 Ke4 84.h4 Kd5 85.Na5 Kd4
86.h5 Bh6 87.Nc6+ Kc3 88.Ne5 Bf4 89.Ng6 Bg5 90.Ne5 Bf4 91.Ng6 Be3 92.Ne5 Bg5
93.Nf3 Bf4 94.Ne1 d2 95.Nf3 Kb2  0-1

[Event "110th US Open"]
[Site "Indianapolis USA"]
[Date "2009.08.09"]
[Round "9"]
[White "Fedorowicz,J"]
[Black "Rosen,E"]
[Result "0-1"]
[WhiteElo "2469"]
[BlackElo "2141"]


1.d4 d5 2.c4 e6 3.Nc3 Nf6 4.cxd5 exd5 5.Bg5 c6 6.e3 Bf5 7.g4 Be6 8.h3 Nbd7
9.f4 Nb6 10.Bd3 Be7 11.Nf3 Qd6 12.f5 Qg3+ 13.Kd2 Ne4+ 14.Nxe4 dxe4 15.Bxe4 Qf2+
16.Kc3 Bb4+  0-1

[Event "Pinnacle 48th COCC"]
[Site "Toronto CAN"]
[Date "2011.07.09"]
[Round "1"]
[White "Fedorowicz,J"]
[Black "Peev,Pavel"]
[Result "1-0"]
[WhiteElo "2454"]
[BlackElo "2006"]

1.d4 Nf6 2.c4 c5 3.d5 b5 4.cxb5 a6 5.b6 g6 6.Nc3 Qxb6 7.e4 d6 8.Nf3 Bg7 9.Nd2 Nbd7
10.Be2 O-O 11.O-O Rb8 12.Kh1 Qc7 13.Rb1 Ne8 14.Qc2 e5 15.a3 f5 16.f3 Ndf6
17.Nc4 Nh5 18.g3 Nhf6 19.Be3 Nd7 20.b4 f4 21.Bf2 fxg3 22.hxg3 cxb4 23.axb4 Ndf6
24.Kg2 Nh5 25.Rh1 Qd8 26.Qd2 Qf6 27.Na4 Bg4 28.Rb3 Nc7 29.Ba7 Bd7 30.Bxb8 Bxa4
31.Bxc7 Bxb3 32.Nxd6 Qe7 33.Qc1 Bh6 34.Qxh6 Qxc7 35.Rxh5 gxh5 36.Nf5 Rxf5
37.exf5 Qc2 38.Qe6+ Kf8 39.Qxe5 Bxd5 40.f6  1-0

[Event "Pinnacle 48th COCC"]
[Site "Toronto CAN"]
[Date "2011.07.10"]
[Round "2"]
[White "Pitre,R"]
[Black "Fedorowicz,J"]
[Result "1/2-1/2"]
[WhiteElo "2111"]
[BlackElo "2454"]

1.e4 c5 2.b3 Nc6 3.Bb2 e5 4.Bc4 d6 5.Nc3 Nf6 6.d3 a6 7.a4 Be7 8.Nge2 Be6
9.O-O d5 10.exd5 Nxd5 11.Nxd5 Bxd5 12.Bxd5 Qxd5 13.f4 O-O 14.fxe5 Nxe5 15.Nf4 Qd6
16.Qe2 Nc6 17.Rae1 Bf6 18.Bxf6 Qxf6 19.Qe4 Qd4+ 20.Rf2 Qxe4 21.Rxe4 Rfe8
22.Rfe2 Rxe4 23.Rxe4 Kf8 24.Rc4 b6 25.Nd5 Rb8  1/2-1/2

[Event "Pinnacle 48th COCC"]
[Site "Toronto CAN"]
[Date "2011.07.11"]
[Round "3"]
[White "Fedorowicz,J"]
[Black "Yee,L"]
[Result "1/2-1/2"]
[WhiteElo "2454"]
[BlackElo "2210"]

1.d4 d5 2.c4 dxc4 3.e3 e5 4.Bxc4 exd4 5.exd4 Bd6 6.Nc3 Nf6 7.Bg5 O-O 8.Nge2 Bf5
9.h3 h6 10.Bh4 Nbd7 11.O-O c6 12.Ng3 Bg6 13.Bb3 a6 14.Qf3 Qa5 15.Nge4 Be7
16.Rfe1 Rae8 17.Nd2 Nb6 18.Re5 Nbd5 19.Nc4 Qd8 20.Ree1 Nxc3 21.bxc3 Nd5 22.Bg3 f6
23.Ne3 Kh8 24.Nxd5 cxd5 25.Bxd5 Qa5 26.Bxb7 Ba3 27.Bc6 Rd8 28.d5 Bb2 29.Rad1 Bxc3
30.Re7 Be5 31.Bxe5 fxe5 32.Qe2 e4 33.Qb2 Rf6 34.a4 Qc5 35.Rb7 e3 36.fxe3 Qxe3+
37.Kh1 Be4 38.Rb3 Qg5 39.Rg1  1/2-1/2

[Event "Pinnacle 48th COCC"]
[Site "Toronto CAN"]
[Date "2011.07.12"]
[Round "4"]
[White "Larochelle,M"]
[Black "Fedorowicz,J"]
[Result "1/2-1/2"]
[WhiteElo "2086"]
[BlackElo "2454"]

1.c4 e5 2.g3 c6 3.d4 exd4 4.Qxd4 d5 5.Nf3 Nf6 6.Bg2 Be7 7.cxd5 cxd5 8.Nc3 Nc6
9.Qa4 O-O 10.O-O Qb6 11.a3 Rd8 12.Qb5 d4 13.Qxb6 axb6 14.Nb5 Bf5 15.Rd1 Bc2
16.Rxd4 Nxd4 17.Nfxd4 Be4 18.f3 Bc6 19.Nxc6 bxc6 20.Nc3 Bb4 21.Bg5 Bxc3 22.bxc3 b5
23.Kf2 Ra6 24.Bf1 h6 25.Be3 Nd5 26.Bd4 Rda8 27.c4 bxc4 28.e4 Nc7 29.Bxc4 Rxa3
30.Rc1 Rd8 31.Bc3 Nb5 32.Bb4 Ra4 33.Be1 Nd4 34.Rc3 Rb4 35.Ke3 Rb2 36.Bf2 Nc2+
37.Kf4 Nd4 38.Bxd4 Rxd4 39.h4 h5 40.Kg5 Rg2 41.f4 Rxe4 42.Kxh5 Rxg3 43.Bxf7+ Kxf7
44.Rxg3 Rxf4 45.Rc3 Rf5+ 46.Kg4 Rf6 47.h5 Rd6 48.Rc5 Ke6 49.Kf4 Kf7 50.Ke4 Ke8
51.Rg5  1/2-1/2

[Event "Pinnacle 48th COCC"]
[Site "Toronto CAN"]
[Date "2011.07.14"]
[Round "6"]
[White "Fedorowicz,J"]
[Black "Perez Rodriguez,L"]
[Result "1/2-1/2"]
[WhiteElo "2454"]
[BlackElo "2467"]

1.e4 e5 2.Nf3 Nc6 3.Bb5 a6 4.Ba4 Nf6 5.O-O Be7 6.Re1 b5 7.Bb3 O-O 8.d3 Bb7
9.c3 d5 10.Nbd2 Qd7 11.Qe2 Rfe8  1/2-1/2

[Event "US Chess League 2011"]
[Site "ICC INT"]
[Date "2011.10.11"]
[Round "7"]
[White "Ippolito,D"]
[Black "Fedorowicz,J"]
[Result "1/2-1/2"]
[WhiteElo "2477"]
[BlackElo "2440"]

1.d4 Nf6 2.c4 c5 3.d5 b5 4.cxb5 a6 5.bxa6 g6 6.Nc3 Bxa6 7.e4 Bxf1 8.Kxf1 d6
9.g3 Bg7 10.Kg2 O-O 11.Nge2 Qb6 12.Rb1 Na6 13.b3 Nc7 14.Qc2 e6 15.Rd1 exd5
16.Nxd5 Nfxd5 17.exd5 Qb7 18.Kg1 Nxd5 19.Qe4 Rfe8 20.Qxd5 Qxd5 21.Rxd5 Rxe2
22.Be3  1/2-1/2

[Event "US Masters 2013"]
[Site "Greensboro USA"]
[Date "2013.08.30"]
[Round "3.2"]
[White "Ramirez,Alej"]
[Black "Fedorowicz,J"]
[Result "1/2-1/2"]
[WhiteElo "2588"]
[BlackElo "2439"]

1.Nf3 Nf6 2.c4 g6 3.Nc3 Bg7 4.e4 d6 5.d4 O-O 6.h3 e5 7.d5 Na6 8.Bg5 Qe8 9.g4 Nc5
10.Nd2 a5 11.Qf3 Nfd7 12.h4 f5 13.gxf5 gxf5 14.Rg1 Kh8 15.Be3 f4 16.Bxc5 Nxc5
17.O-O-O Bf6 18.h5 Qd7 19.h6 a4 20.Kc2 Rg8 21.Rxg8+ Kxg8 22.Be2 Qh3 23.Rg1+ Kh8
24.b4 axb3+ 25.axb3 Na6 26.Nb5  1/2-1/2

[Event "US Masters 2013"]
[Site "Greensboro USA"]
[Date "2013.09.01"]
[Round "6.3"]
[White "Fedorowicz,J"]
[Black "Meier,Geo"]
[Result "0-1"]
[WhiteElo "2439"]
[BlackElo "2610"]

1.c4 c5 2.Nc3 g6 3.g3 Bg7 4.Bg2 Nc6 5.Nf3 d6 6.O-O Bf5 7.d3 Qd7 8.Nd5 Nf6
9.Nh4 Bg4 10.f3 Be6 11.Nf4 d5 12.Nxe6 Qxe6 13.f4 dxc4 14.f5 Qe5 15.dxc4 O-O
16.fxg6 hxg6 17.e3 Bh6 18.Kh1 Rad8 19.Qb3 Rd7 20.Bf3 Qe6 21.Bg2 Rfd8 22.Qc2 Nb4
23.Qe2 Nd3  0-1